[Event "Challenge"]
[Site "http://www.queenalice.com/game.php?id=514645"]
[Date "2008.12.30"]
[Round "-"]
[White "vlado"]
[Black "filomenos"]
[Result "0-1"]
[WhiteElo "1886"]
[BlackElo "1882"]

1. e4 e5 2. Nf3 d6 3. d4 exd4 4. Nxd4 Nf6 5. Nc3 a6 6. Bg5 Be7 7. Bxf6 Bxf6 8.
Nf5 Bxc3+ 9. bxc3 Bxf5 10. exf5 O-O 11. Bc4 Qf6 12. O-O Qxf5 13. Bd3 Qf6 14. Qe1
Nc6 15. Qe4 g6 16. Rab1 Rab8 17. Rb3 Rfe8 18. Qc4 Na5 19. Qxc7 Nxb3 20. cxb3
Rec8 21. Qa5 Rxc3 22. Be4 Qe5 23. Qa4 Qc5 24. g3 d5 25. Bf3 Rxf3 26. Qd7 d4 27.
Re1 d3 28. Re8+ Rxe8 29. Qxe8+ Kg7 30. Qe1 Qd5 31. Qc3+ Kh6 32. Qd2+ g5 33. h4
f6 34. g4 Rh3 35. hxg5+ fxg5 36. f4 Qh1+ 37. Kf2 Rh2+ 38. Ke3 Rxd2 39. Kxd2 Qf3
40. f5 Qe2+ 41. Kc3 d2 42. f6 d1=Q 0-1

[Event "Challenge"]
[Site "http://www.queenalice.com/game.php?id=530107"]
[Date "2009.1.26"]
[Round "-"]
[White "juarid"]
[Black "vlado"]
[Result "1-0"]
[WhiteElo "2055"]
[BlackElo "1735"]

1. e4 d5 2. exd5 Qxd5 3. Nc3 Qe5+ 4. Qe2 Qxe2+ 5. Bxe2 Nc6 6. Nf3 Bg4 7. O-O
O-O-O 8. d3 Nf6 9. a3 e6 10. Be3 Nd5 11. Nxd5 exd5 12. Rfe1 Bh5 13. b4 Re8 14.
c4 Bxf3 15. Bxf3 dxc4 16. Bxc6 bxc6 17. dxc4 a6 18. c5 g6 19. Bd4 Rxe1+ 20. Rxe1
Rg8 21. Re8+ Kd7 22. Ra8 f5 23. Kf1 Ke6 24. Ke2 Kd5 25. Kd3 h5 26. h4 Ke6 27. g3
Kf7 28. Rc8 Bg7 29. Rxc7+ Kf8 30. f4 Bxd4 31. Kxd4 Rg7 32. Rc8+ Kf7 33. Ke5 Ke7
34. Rc7+ Kf8 35. Rxg7 Kxg7 36. Kd6 Kf7 37. Kxc6 Ke7 38. Kb6 Kd7 39. c6+ Kc8 40.
c7 g5 41. fxg5 f4 42. gxf4 a5 43. g6 axb4 44. axb4 Kd7 45. g7 1-0

[Event "Challenge"]
[Site "http://www.queenalice.com/game.php?id=530108"]
[Date "2009.1.27"]
[Round "-"]
[White "vlado"]
[Black "juarid"]
[Result "0-1"]
[WhiteElo "1797"]
[BlackElo "1926"]

1. e4 c5 2. d4 cxd4 3. Qxd4 Nc6 4. Qc3 e6 5. Nf3 Bb4 6. Bg5 Bxc3+ 7. Nxc3 f6 8.
Bh4 g5 9. Bg3 h5 10. e5 h4 11. Bxh4 gxh4 12. exf6 Nxf6 13. O-O-O Qa5 14. Nb5 d5
15. a3 Ne4 16. b4 Nxb4 17. axb4 Qa1# 0-1

[Event "Challenge"]
[Site "http://www.queenalice.com/game.php?id=532979"]
[Date "2009.2.1"]
[Round "-"]
[White "JCOELHO"]
[Black "vlado"]
[Result "1-0"]
[WhiteElo "1898"]
[BlackElo "1746"]

1. e4 d5 2. exd5 Qxd5 3. Nc3 Qe5+ 4. Be2 Bg4 5. d4 Qe6 6. d5 Bxe2 7. Ngxe2 Qg6
8. Nb5 Qxg2 9. Rg1 Qxh2 10. d6 exd6 11. Nxc7+ Kd8 12. Nxa8 g6 13. Bg5+ Be7 14.
Bf4 Qh4 15. Bxd6 Qc4 16. Be5+ Kc8 17. Bxh8 Qb4+ 18. Bc3 Qh4 19. Qd5 Nh6 20.
O-O-O Qxf2 21. Bb4 Qxe2 22. Rge1 Bg5+ 23. Qxg5 Qc4 24. Qd8# 1-0

[Event "Challenge"]
[Site "http://www.queenalice.com/game.php?id=532980"]
[Date "2009.2.1"]
[Round "-"]
[White "vlado"]
[Black "JCOELHO"]
[Result "1-0"]
[WhiteElo "1717"]
[BlackElo "1912"]

1. e4 e5 2. d4 exd4 3. Qxd4 Nc6 4. Qd3 Nf6 5. Bg5 Nb4 6. Qc3 Nxe4 7. Qe5+ Be7 8.
Qxe4 d5 9. Qe2 h6 10. Bxe7 Qxe7 11. Kd1 Bg4 12. f3 Qxe2+ 13. Nxe2 Bf5 14. Nd4
Bg6 15. c3 c5 16. cxb4 cxd4 17. Bb5+ Ke7 18. Re1+ Kd6 19. Nd2 a6 20. Ba4 b5 21.
Bc2 d3 22. Bb3 f5 23. f4 a5 24. Re3 Bh5+ 25. Ke1 g5 26. fxg5 hxg5 27. Rxd3 a4
28. Bxd5 Ke5 29. Bxa8 Rxa8 30. Rc1 f4 31. Rc5+ Kf6 32. Rxb5 g4 33. Rxh5 Kg6 34.
Rh4 Kg5 35. Rh7 g3 36. hxg3 Re8+ 37. Kf1 Kg4 38. gxf4 Kxf4 39. Rf3+ Ke5 40. Re3+
1-0

[Event "Challenge"]
[Site "http://www.queenalice.com/game.php?id=534954"]
[Date "2009.2.4"]
[Round "-"]
[White "kingside"]
[Black "vlado"]
[Result "1-0"]
[WhiteElo "1993"]
[BlackElo "1727"]

1. e4 d5 2. exd5 Qxd5 3. Nf3 Bg4 4. Be2 Bxf3 5. Bxf3 Qe5+ 6. Be2 Nc6 7. O-O
O-O-O 8. Re1 Kb8 9. d3 g6 10. Nc3 e6 11. Be3 Bd6 12. g3 Bb4 13. Qd2 Bxc3 14.
bxc3 Nge7 15. Bf3 Rhf8 16. Bxa7+ Nxa7 17. Rxe5 f6 18. Rxe6 Nf5 19. Rb1 c6 20.
Bxc6 Nxc6 21. Rxc6 Ka8 22. c4 Ne7 23. Qa5+ Kb8 24. Qc7+ 1-0

[Event "Challenge"]
[Site "http://www.queenalice.com/game.php?id=534955"]
[Date "2009.2.4"]
[Round "-"]
[White "kingside"]
[Black "vlado"]
[Result "1-0"]
[WhiteElo "2143"]
[BlackElo "1717"]

1. e4 d5 2. exd5 Qxd5 3. Nf3 Bg4 4. Be2 Bxf3 5. Bxf3 Qe5+ 6. Be2 Nc6 7. O-O
O-O-O 8. Re1 Qd5 9. Nc3 Qg5 10. d3 Qf6 11. Be3 Nh6 12. Rb1 Ng4 13. Bxg4+ e6 14.
Qd2 h6 15. Bf3 Bb4 16. a3 Bxc3 17. bxc3 Rhe8 18. Bxc6 bxc6 19. Bxa7 g5 20. c4 g4
21. Qa5 Re7 22. Bb8 Rd4 23. Qa8 e5 24. Rb7 Kd7 25. Bxc7 Re8 26. Bxe5+ Ke6 27.
Qxe8+ 1-0

[Event "Challenge"]
[Site "http://www.queenalice.com/game.php?id=541521"]
[Date "2009.2.16"]
[Round "-"]
[White "igorzz"]
[Black "vlado"]
[Result "1-0"]
[WhiteElo "2134"]
[BlackElo "1717"]

1. e4 e5 2. Nf3 Nc6 3. Bb5 Nf6 4. O-O Nxe4 5. d4 Nd6 6. Bxc6 dxc6 7. Nxe5 Nf5 8.
Re1 Be7 9. Bg5 O-O 10. Bxe7 Nxe7 11. c3 b6 12. Nd2 c5 13. dxc5 bxc5 14. Ne4 Qxd1
15. Raxd1 Nc6 16. Nxc5 Nxe5 17. Rxe5 g6 18. Re7 c6 19. Rd6 Rb8 20. b3 Rb6 21.
Rxa7 Re8 22. f3 Rb5 23. Rxc6 Re1+ 24. Kf2 Re8 25. Ra8 Bd7 26. Rxe8+ Bxe8 27. Rc8
Kg7 28. b4 Kf8 29. a4 Rb6 30. Nd7+ Kg7 31. Nxb6 Kf8 32. a5 f5 33. a6 Kf7 34. a7
1-0

[Event "Challenge"]
[Site "http://www.queenalice.com/game.php?id=552103"]
[Date "2009.3.7"]
[Round "-"]
[White "vlado"]
[Black "cockroach"]
[Result "0-1"]
[WhiteElo "1750"]
[BlackElo "1846"]

1. e4 c5 2. Bc4 Nc6 3. Qf3 Ne5 4. Qb3 Nxc4 5. Qxc4 a6 6. Qxc5 e6 7. Qh5 d5 8.
exd5 Bd6 9. Nf3 Nf6 10. Qg5 O-O 11. dxe6 Bxe6 12. O-O Rc8 13. b3 Rc5 14. Qh4 Rh5
15. Qa4 b5 16. Qxa6 Qc7 17. g3 Bc8 18. Qa8 Bb7 19. Qxf8+ Kxf8 20. Nd4 Qc5 21. c3
Rxh2 22. f3 Qg5 23. g4 Qh4 24. Nf5 Rg2+ 0-1

[Event "Challenge"]
[Site "http://www.queenalice.com/game.php?id=562867"]
[Date "2009.3.27"]
[Round "-"]
[White "leorsantos"]
[Black "vlado"]
[Result "0-1"]
[WhiteElo "1201"]
[BlackElo "1750"]

1. e3 e5 2. Nf3 Nc6 3. Nh4 Qxh4 4. g3 Qe4 5. Rg1 d6 6. d3 Qa4 7. b3 Qb4+ 8. c3
Qb6 9. d4 exd4 10. cxd4 d5 11. Qc2 Nb4 12. Qd2 Bf5 13. g4 Be4 14. Ba3 Nc2+ 15.
Ke2 Nxa1 16. Qb2 Nxb3 17. Qxb3 Bxb1 18. Qa4+ c6 19. Qb4 Bxb4 20. Bxb4 Qxb4 21.
f4 O-O-O 22. f5 Qb2+ 23. Kd1 Re8 24. a4 Qc2+ 25. Ke1 Rxe3+ 26. Be2 Qxe2# 0-1

[Event "Challenge"]
[Site "http://www.queenalice.com/game.php?id=565280"]
[Date "2009.4.1"]
[Round "-"]
[White "sioux"]
[Black "vlado"]
[Result "0-1"]
[WhiteElo "1750"]
[BlackElo "1731"]

1. e3 e5 2. Bc4 Nh6 3. Nf3 Nc6 4. O-O d5 5. Bb5 Bd7 6. c3 d4 7. Bxc6 Bxc6 8. c4
dxe3 9. dxe3 f6 10. Qxd8+ Rxd8 11. b3 b5 12. Nbd2 bxc4 13. Nxc4 Bb5 14. Re1 Bb4
15. Rf1 O-O 16. Ncd2 Bxf1 17. Nxf1 Rfe8 18. a3 Bc3 19. Rb1 Rd1 20. b4 Red8 21.
g3 e4 22. Nh4 Bd2 23. Kg2 Bxc1 24. a4 g5 25. b5 gxh4 26. a5 hxg3 27. Nxg3 Ba3
28. Rb3 Bd6 29. Nxe4 Ng4 30. h3 Ne5 31. Nxf6+ Kh8 32. a6 Nd7 33. Ne4 Nc5 34.
Nxc5 Bxc5 35. Kg3 Bd6+ 36. f4 Rg8+ 37. Kf3 Rf1+ 38. Ke4 Re8+ 39. Kf5 Rf8+ 40.
Ke6 Rf3 41. Kd5 Bxf4 42. Kc6 Bxe3 43. Kxc7 Bf4+ 44. Kb7 Rxb3 45. Kxa7 Rxb5 46.
h4 Be3# 0-1

[Event "Challenge"]
[Site "http://www.queenalice.com/game.php?id=583168"]
[Date "2009.5.5"]
[Round "-"]
[White "vlado"]
[Black "montelo"]
[Result "1-0"]
[WhiteElo "1750"]
[BlackElo "1765"]

1. e4 e5 2. Nf3 Nc6 3. Bb5 d6 4. d4 Bd7 5. Nc3 exd4 6. Nxd4 Nxd4 7. Bxd7+ Qxd7
8. Qxd4 Nf6 9. e5 Qe6 10. Bf4 Ng4 11. O-O dxe5 12. Qa4+ c6 13. Rae1 b5 14. Qa6
Bd6 15. Qxc6+ Ke7 16. Nd5+ Kd8 17. Qxa8+ Qc8 18. Qxc8+ Kxc8 19. Bd2 Bc5 20. Re4
Nxf2 21. Re2 Nd3+ 22. Be3 Bxe3+ 23. Rxe3 Nxb2 24. Rxe5 f6 25. Re7 Rd8 26. Rb1
Rxd5 27. Rxb2 Kd8 28. Rxg7 h5 29. Rb1 Ke8 30. Re1+ Kf8 31. Rxa7 Rd8 32. Ra6 Kf7
33. Ra7+ Kg6 34. h4 Rf8 35. Rb7 Ra8 36. Ra1 Ra5 37. Rb6 Ra4 38. Rxb5 Rxh4 39.
Rf1 Kf7 40. Rb6 Kg7 41. Rfxf6 Rc4 42. Rfc6 Ra4 43. Rb7+ Kf8 44. Rc8# 1-0

[Event "Challenge"]
[Site "http://www.queenalice.com/game.php?id=592913"]
[Date "2009.5.24"]
[Round "-"]
[White "Ebbe"]
[Black "vlado"]
[Result "1-0"]
[WhiteElo "1830"]
[BlackElo "1768"]

1. e4 e5 2. Nf3 Nc6 3. Nc3 Nf6 4. d4 exd4 5. Nxd4 Bb4 6. Nxc6 bxc6 7. Bg5 O-O 8.
Be2 h6 9. Bh4 g5 10. Bg3 Nxe4 11. Qd3 Nxc3 12. bxc3 Ba3 13. O-O d5 14. c4 Bd6
15. Bxd6 Qxd6 16. cxd5 cxd5 17. Rad1 Ba6 18. Qxa6 Qc5 19. Qxh6 f6 20. Qg6+ Kh8
21. Bf3 Rad8 22. Bg4 Qe7 23. Rfe1 Qg7 24. Qh5+ Qh7 25. Qxh7+ Kxh7 26. Re7+ Kh8
27. Rxc7 a6 28. Re1 Rb8 29. g3 Rbe8 30. Rxe8 Rxe8 31. Kg2 Kg8 32. Rc6 Re4 33.
Bf3 Ra4 34. Bxd5+ Kg7 35. Bb3 Ra5 36. c4 f5 37. Rc7+ Kf6 38. c5 Rb5 39. Rc6+ Ke7
40. Bc4 Rb4 41. Bxa6 Ra4 42. Rc7+ Kf6 43. Bb5 Rxa2 44. c6 Rb2 45. Ba6 Rb6 46.
Bb7 Rb2 47. Rd7 Rb6 48. c7 Rxb7 49. c8=Q Rxd7 50. Qxd7 1-0

[Event "AUTO-ADV-1161"]
[Site "http://www.queenalice.com/game.php?id=598920"]
[Date "2009.6.5"]
[Round "2"]
[White "kasparosaure"]
[Black "vlado"]
[Result "1-0"]
[WhiteElo "1932"]
[BlackElo "1687"]

1. d4 Nf6 2. Nf3 d5 3. Bg5 e6 4. Nbd2 Nc6 5. c3 h6 6. Bxf6 Qxf6 7. e3 e5 8. dxe5
Nxe5 9. Qb3 Be6 10. Qxb7 Nxf3+ 11. Nxf3 Qd8 12. Bb5+ Bd7 13. Bxd7+ Kxd7 14.
Qxd5+ Ke8 15. Qc6+ Ke7 16. Rd1 Qc8 17. Qe4+ Kf6 18. Qe5+ Kg6 19. O-O Kh7 20. Rd4
Bd6 21. Qe4+ Kg8 22. Rfd1 Rb8 23. b4 g6 24. Ne5 Kg7 25. Nc6 Re8 26. Qf3 Rb7 27.
a4 a6 28. Na5 Rb8 29. Nc4 Rd8 30. e4 f6 31. Qd3 Qd7 32. Nxd6 cxd6 33. Rxd6 Qxd6
34. Qxd6 Rxd6 35. Rxd6 1-0

[Event "AUTO-ADV-1161"]
[Site "http://www.queenalice.com/game.php?id=598921"]
[Date "2009.6.5"]
[Round "2"]
[White "vlado"]
[Black "kasparosaure"]
[Result "0-1"]
[WhiteElo "1681"]
[BlackElo "1938"]

1. e4 d5 2. exd5 Qxd5 3. Nc3 Qa5 4. d4 Nf6 5. Bd2 Qb6 6. Bc1 Bf5 7. Bb5+ c6 8.
Ba4 e6 9. Nf3 Bb4 10. O-O O-O 11. Bd2 Rd8 12. Re1 Bg4 13. Ne2 Bxd2 14. Qxd2 Bxf3
15. gxf3 Qxb2 16. Reb1 Qa3 17. Rb4 Qxf3 18. Rxb7 Ng4 19. Qf4 Qxf4 20. Nxf4 Rxd4
21. Rab1 Na6 22. Bxc6 Rxf4 23. Rc7 Nxc7 24. Bxa8 Kf8 25. Rb8+ Ke7 26. Rb7 Kd6
27. Rxa7 Nxa8 28. Rxa8 Rxf2 29. Ra4 Rxc2 30. Rxg4 g6 31. a4 Ra2 32. Rd4+ Ke5 33.
Rb4 f5 34. Rb5+ Kf4 35. a5 Kf3 0-1

[Event "AUTO-ADV-1161"]
[Site "http://www.queenalice.com/game.php?id=598924"]
[Date "2009.6.5"]
[Round "2"]
[White "CampbellMarcel"]
[Black "vlado"]
[Result "1-0"]
[WhiteElo "1791"]
[BlackElo "1754"]

1. e4 e5 2. Nf3 Nc6 3. Bc4 Bc5 4. b4 Bxb4 5. c3 Bc5 6. d4 exd4 7. Bxf7+ Kxf7 8.
Ng5+ Ke8 9. O-O Nf6 10. e5 Nd5 11. Qf3 Nxe5 12. Qxd5 Bd6 13. cxd4 h6 14. dxe5
hxg5 15. exd6 a5 16. Re1+ Kf8 17. Bxg5 Rh5 18. Qf5+ Qf6 19. Qxf6+ gxf6 20. Bxf6
cxd6 21. Be7+ Kg8 22. Bxd6 Rd5 23. Bg3 b6 24. Nc3 Rf5 25. Re8+ Rf8 26. Rae1 Bb7
27. Rxf8+ Rxf8 28. h4 Rc8 29. Nb5 Bd5 30. Nd6 Rc3 31. Re8+ Kh7 32. Re7+ Kg8 33.
Rxd7 Bxa2 34. Ne4 Rc1+ 35. Kh2 Rc6 36. Ng5 a4 37. Ra7 Bb3 38. Bf4 b5 39. Ra8+
Kg7 40. g4 Rc2 41. Kg3 a3 42. Rxa3 Bd5 43. h5 b4 44. Ra1 b3 45. Rb1 Rc3+ 46. f3
Rc6 47. Be5+ Kh6 48. Ne4 Re6 49. Bf4+ Kg7 50. h6+ Kh8 51. Nc5 Rb6 52. Be5+ Kh7
53. Nd7 Rb5 54. Nf6+ Kxh6 55. Nxd5 Rxd5 56. f4 Rb5 57. g5+ Kg6 58. Kg4 Kf7 59.
Rb2 Kg6 60. f5+ Kf7 61. g6+ Kg8 62. Bf6 Rb6 63. Kg5 Kf8 64. Bd8 Rb8 65. Ba5 Rb5
66. Bd2 Kg8 67. Kf6 Rb6+ 68. Ke7 Rb7+ 69. Kd6 Rb8 70. f6 Rd8+ 71. Ke5 Rb8 72.
Bh6 Re8+ 73. Kf5 Rb8 74. f7+ Kh8 75. g7+ Kh7 76. g8=Q+ Rxg8 77. fxg8=Q+ Kxg8 78.
Kg6 Kh8 79. Rxb3 1-0

[Event "AUTO-ADV-1161"]
[Site "http://www.queenalice.com/game.php?id=598925"]
[Date "2009.6.5"]
[Round "2"]
[White "vlado"]
[Black "CampbellMarcel"]
[Result "0-1"]
[WhiteElo "1715"]
[BlackElo "1824"]

1. e4 e6 2. d4 c5 3. Nf3 Nc6 4. Bb5 a6 5. Bc4 d5 6. exd5 exd5 7. Bb3 c4 8. Ba4
b5 9. c3 bxa4 10. Qxa4 Qe7+ 11. Ne5 Bd7 12. Qd1 Nxe5 13. dxe5 Qxe5+ 14. Be3 Bc5
15. O-O Bxe3 16. fxe3 Qxe3+ 17. Kh1 Ne7 18. Na3 Qh6 19. Re1 Be6 20. Qe2 O-O 21.
Nc2 Nc6 22. Rad1 Rae8 23. Qe3 Qxe3 24. Nxe3 Ne7 25. b3 cxb3 26. axb3 Ng6 27. g3
Bh3 28. Nxd5 Rxe1+ 29. Rxe1 Be6 30. Nc7 Bxb3 31. Nxa6 f5 32. Nc7 Rc8 33. Nb5
Bd5+ 34. Kg1 f4 35. gxf4 Nxf4 36. Nd6 Rf8 37. Re3 g5 38. h3 h5 39. h4 g4 40. c4
Ba8 41. c5 Nd5 42. Ra3 Nb4 43. Re3 Nc2 44. Re5 Nd4 45. Rg5+ Kh7 46. Rxh5+ Kg6
47. Rg5+ Kh6 48. Rxg4 Nf3+ 49. Kf2 Ne5+ 50. Kg3 Nxg4 51. Kxg4 Bf3+ 52. Kg3 Kh5
53. Nc4 Bg4 54. c6 Rc8 55. Ne5 Bd1 56. Kh3 Ba4 57. Kg3 Bxc6 58. Nxc6 Rxc6 59.
Kf4 Rc4+ 60. Kf5 Rxh4 61. Ke6 Kg6 62. Ke5 Rh5+ 63. Kd4 Kf6 64. Ke4 Rf5 65. Kd3
Rf4 66. Ke3 Ke5 67. Kd3 Re4 68. Kc3 Kd5 69. Kd3 Rh4 70. Ke3 Ke5 71. Kd3 Kd5 72.
Ke3 Rd4 73. Kf3 Re4 74. Kg3 Ke5 75. Kf3 Kf5 76. Kg3 Rf4 77. Kh3 Rg4 78. Kh2 Rg8
79. Kh3 Rg4 80. Kh2 Kf4 81. Kh3 Kf3 82. Kh2 Rg3 83. Kh1 Kf2 0-1

[Event "AUTO-ADV-1161"]
[Site "http://www.queenalice.com/game.php?id=598928"]
[Date "2009.6.5"]
[Round "2"]
[White "vlado"]
[Black "dante72"]
[Result "0-1"]
[WhiteElo "1695"]
[BlackElo "1901"]

1. e4 e5 2. Nf3 d6 3. d4 f6 4. dxe5 fxe5 5. Bg5 Be7 6. Nc3 c6 7. Bxe7 Qxe7 8. g3
Bg4 9. Be2 Nf6 10. Nh4 Bxe2 11. Qxe2 g6 12. O-O O-O 13. Rad1 Na6 14. b3 Nc5 15.
f4 exf4 16. Rxf4 Qe5 17. Rf3 Nfxe4 18. Nxe4 Qxe4 19. Re3 Qb4 20. Rxd6 Nxb3 21.
Re4 Qxd6 22. cxb3 Qc5+ 23. Kg2 Qd5 24. Kg1 Qc5+ 25. Kg2 Rad8 26. Nf3 Qd5 0-1

[Event "AUTO-ADV-1161"]
[Site "http://www.queenalice.com/game.php?id=598929"]
[Date "2009.6.5"]
[Round "2"]
[White "dante72"]
[Black "vlado"]
[Result "1-0"]
[WhiteElo "1893"]
[BlackElo "1703"]

1. d4 Nf6 2. Nc3 d5 3. e3 e6 4. a3 Ne4 5. Nxe4 dxe4 6. Ne2 Nc6 7. c3 e5 8. Ng3
exd4 9. cxd4 f5 10. Bb5 a6 11. Bxc6+ bxc6 12. O-O c5 13. dxc5 Bxc5 14. Qxd8+
Kxd8 15. b4 Bd6 16. Rd1 Bd7 17. Bb2 Rg8 18. Ne2 g6 19. Bf6+ Kc8 20. Nc3 Rf8 21.
Bd4 Rb8 22. Nd5 h5 23. Rac1 Rb5 24. Nc3 Rb8 25. Nd5 1-0

[Event "Challenge"]
[Site "http://www.queenalice.com/game.php?id=623201"]
[Date "2009.7.22"]
[Round "-"]
[White "vlado"]
[Black "shimon"]
[Result "0-1"]
[WhiteElo "1694"]
[BlackElo "1579"]

1. e4 e6 2. d4 d5 3. Nc3 c6 4. Nf3 Bb4 5. exd5 exd5 6. Ne5 Qe7 7. Bd2 f6 8. a3
Bd6 9. Bf4 fxe5 10. dxe5 Bxe5 11. Bxe5 Qxe5+ 12. Be2 Nf6 13. O-O O-O 14. Re1 Qg5
15. Na4 Bh3 16. g3 Ne4 17. f3 Nxg3 18. Kf2 Ne4# 0-1